Auditing and assurance services. (Record no. 2929)

MARC details
005 - DATE AND TIME OF LATEST TRANSACTION
control field 20250531145538.0
020 ## - INTERNATIONAL STANDARD BOOK NUMBER
International Standard Book Number 978-007710417
082 ## - DEWEY DECIMAL CLASSIFICATION NUMBER
Classification number LECT 657.45 EIL
100 ## - MAIN ENTRY--PERSONAL NAME
Author name EILIFSEN, A.
245 ## - TITLE STATEMENT
Title Auditing and assurance services.
260 ## - PUBLICATION, DISTRIBUTION, ETC.
Place of publication, distribution, etc. London,
Name of publisher, distributor, etc. McGraw-Hill,
Date of publication, distribution, etc. 2006.
300 ## - PHYSICAL DESCRIPTION
Extent xxiv, 678p.: ill.; figure, picture & table
Other physical details Index,
Dimensions 24cm.
700 ## - ADDED ENTRY--PERSONAL NAME
Other authors/Editors MESSIER, W. F. & GLOVER, S. M. & PRAWITT, D. F.
856 ## - ELECTRONIC LOCATION AND ACCESS
Link text Access online book
Electronic name Auditing and assurance services.
Path www.mcgraw-hill.co.uk
942 ## - ADDED ENTRY ELEMENTS (KOHA)
Source of classification or shelving scheme Dewey Decimal Classification
Koha item type Books
Holdings
Date last seen Total checkouts Full call number Barcode Cost, replacement price Price effective from Koha item type Lost status Source of classification or shelving scheme Damaged status Not for loan Withdrawn status Home library Current library Shelving location Date acquired Cost, normal purchase price
05/31/2025   LECT 657.45 EIL 00000010548 126000.00 05/31/2025 Books   Dewey Decimal Classification       College of Business Education Main Library College of Business Education Main Library General Collection 10/27/2005 42000.00
05/31/2025   LECT 657.45 EIL 00000010549 126000.00 05/31/2025 Books   Dewey Decimal Classification       College of Business Education Main Library College of Business Education Main Library General Collection 10/27/2005 42000.00